000 00735cab a2200289 4500
001 X1361
008 090401t1994 xxu||||| |||| 00| 0 eng d
035 _a(Sirsi) u16479
041 _aeng
245 _aMembers` affairs : Minerals
260 _c1994
350 _a0
490 _aCSM (Chartered Surveyor Monthly)
_v3(6) March 1994, 52-53(2)
650 _aBRANCH VISIT
650 _aBRITISH GEOLOGICAL SURVEY
650 _aCOAL
650 _aDATABASE
650 _aDEMAND
650 _aEUROPE
650 _aIEA COAL RESEARCH
650 _aSAND AND GRAVEL RESERVE DATA
650 _aSTOCK EXCHANGE
650 _aSTOCK EXHCNAGE LISTING RULES
690 _aMINING AND MINERALS
942 _n0
948 _c04/03/1997
999 _c10852
_d10852